| 000 | 00907cam a22002055a 4500 | ||
|---|---|---|---|
| 001 | L141184 | ||
| 008 | 071102s1847 xxk eng u | ||
| 035 | _a(Sirsi) u141184 | ||
| 041 | 0 | _aeng | |
| 110 | 2 |
_aShuttleworth and Sons _95436 |
|
| 245 | 0 | 0 |
_aIsle of Wight _bparticulars of a very eligible freehold estate desirably situate in the rapidly increasing marine village of Ventnor...which will be sold by auction by Messrs. Shuttleworth and Sons at the Mart, opposite the Bank of England, London on Friday May 14, 1847 at twelve o'clock... |
| 260 |
_aS.l. _s.n. _c[1847] |
||
| 300 |
_a1 sheet _c37 x 24 cm. |
||
| 340 | _aPrinted | ||
| 351 | _aSingle item | ||
| 500 | _aProperties sold include two dwelling houses and a plot of building land on Victoria Street. | ||
| 651 | 4 | _aIsle of Wight | |
| 690 | _aPROPERTY-PROPERTY ACQUISITION AND DISPOSAL-ACQUISITION AND DISPOSAL AT AUCTION | ||
| 942 | _n0 | ||
| 999 |
_c116649 _d116649 |
||